000 02140cam a22005054i 4500
003 PE-LiUPU
005 20250731173451.0
008 150616s1989 sp a r 000 0 spa d
020 _a8471516330
035 _a(Sirsi) i9788471516336
040 _aPE-LiUPU
_bspa
_cPE-LiUPU
_erda
049 _aPRUA
082 0 4 _a291
_bS15
_221
100 1 _aSamuel, Albert,
_eautor.
245 1 0 _aPara Comprender las Religiones en Nuestro Tiempo.
264 1 _aEstella (Navarra) :
_bVerbo Divino,
_c1989.
300 _a218 páginas :
_bIlustraciones ;
_c22 centímetros
336 _atext
_2rdacontent
337 _aunmediated
_2rdamedia
338 _avolume
_2rdacarrier
505 0 _aEl aninismo -- El hinduismo -- El budismo -- El judaísmo -- El cristianismo -- El Islam -- Las sectas.
526 _aSEG42
526 _aSEG41
526 _aSEG40
526 _aSEG39
526 _aP94
526 _aP87
526 _aP86
526 _aP85
526 _aP77
526 _aP76
526 _aP35
650 0 4 _aCristianismo y otras religiones.
_91630
910 _ajck
_bjvq
_cjck
942 _2ddc
_cBOOK
949 _a291 S19
_wDEWEY
_c1
_i38563
_d2016-10-26
_e2016-10-23
_lCCODEBUL1
_mBUL
_n5
_r0
_sY
_tBOOK
_u2015-4-23
_xTEOLOGIA
_zUNKNOWN
_0COMPRA
_o.STAFF. Colección Teología
949 _a291 S19
_wDEWEY
_c2
_i39832
_d2016-11-14
_e2016-11-9
_lCCODEBUL1
_mBUL
_n5
_r0
_sY
_tBOOK
_u2015-6-16
_xTEOLOGIA
_zUNKNOWN
_0COMPRA
_o.STAFF. Colección Teología
994 _aC0
_bPEPRU
596 _a1 4
999 _a291 S19
_wDEWEY
_c57600
_i38563
_d57600
_e2018-4-16
_f2021-11-11
_g5
_lCCODEBUL1
_mBUL
_n7
_p30.00
_r0
_sY
_tBOOK
_u2015-4-23
_xTEOLOGIA
_zUNKNOWN
_0COMPRA
_o.STAFF. Colección Teología
999 _a291 S19
_wDEWEY
_c2
_i39832
_d2016-11-14
_e2016-11-9
_f2021-11-11
_g5
_lCCODEBUL1
_mBUL
_n5
_p40.00
_r0
_sY
_tBOOK
_u2015-6-16
_xTEOLOGIA
_PP35
_0COMPRA
_o.STAFF. Colección Teología
999 _a291 S15 2000
_wDEWEY
_c1
_iCW00441
_f2021-12-23
_g2
_lCCODECWL1
_mBWL
_p10.00
_r0
_sY
_tBOOK
_u2018-3-5
_xWHITE
_zUNKNOWN
_0COMPRA
_o.STAFF. Centro White.
980 _81
_gALBERTO SANCHEZ Responsable de Automatización